000 00251nam a2200109Ia 4500
008 220713s9999 xx 000 0 und d
020 _a97 807993320 32
082 _aAF GRIE
100 _aGRIESSEL N
245 0 _aVIOOLTJIES IN DIE REEN
942 _cBK
_w561
_xJohn Tresidder
_y561
_zJohn Tresidder
999 _c713102
_d713101